Geography and History of the Falkland Islands on a Map - Statistics

General Stats
  • This quiz has been taken 212 times
    125 since last reset
  • The average score is 10 of 40
Answers on the Map
Answers color-coded by a green-red scale on the quiz's map according to % correct below.
 
Answer Stats
Answer % Correct
Stanley
94%
East Falkland
65%
West Falkland
64%
Battle of Goose Green
53%
Darwin
33%
San Carlos Water
31%
Mount Pleasant
29%
Pebble Island
29%
Port Howard
29%
Fox Bay
28%
Warrah
28%
Gentoo Penguin
27%
Lafonia
26%
Sinking of ARA General Belgrano
26%
Port Louis
24%
Saunders Island
24%
Sea Lion Island
22%
Bluff Cove Air Attacks
21%
Operation Black Buck
20%
Jason Islands
19%
Mount Usborne
19%
Battle of Mount Longdon
18%
Skirmish at Top Malo House
18%
Southern Elephant Seal
18%
Terry Peck
18%
John Fieldhouse
16%
Weddell Island
16%
Wickham Heights
16%
Luis Vernet
15%
Mount Alice
15%
Port Egmont
15%
Black-Browed Albatross
14%
Bodie Creek Suspension Bridge
14%
Richard Clement Moody
14%
Volunteer Point
14%
Bleaker Island
13%
Berkeley Sound
12%
Christ Church Cathedral
12%
Yorke Bay
12%
Louis Baillon
9%
No matching quizzes found
Score Distribution
Percent of People with Each Score
Percentile by Number Answered
Your Score History
You have not taken this quiz since the last reset